[Event "GBR-ch 108th"]
[Site "Torquay"]
[Date "2022.08.13"]
[Round "1"]
[White "Emms, John M"]
[Black "Jones, Steven"]
[Result "1-0"]
[WhiteElo "2474"]
[BlackElo "2210"]
[PlyCount "101"]
[EventDate "2022.08.13"]
[EventType "swiss"]
[EventRounds "9"]
[EventCountry "ENG"]
[SourceTitle "CBM 209 Extra"]
[Source "ChessBase"]
[SourceDate "2022.09.30"]
[SourceVersion "1"]
[SourceVersionDate "2022.09.30"]
[SourceQuality "1"]

1. e4 e5 2. Nf3 Nc6 3. Bc4 Bc5 4. c3 Nf6 5. d3 0-0 6. Nbd2 d6 7. 0-0 a6 8. Bb3 Ba7 9. h3 h6 10. Re1 Re8 11. Nf1 Be6 12. Be3 d5 13. exd5 Bxd5 14. Bxa7 Rxa7 15. Bc2 Ra8 16. Ng3 Qd7 17. Re3 Re7 18. a3 g6 19. Qd2 Kg7 20. Rae1 Rae8 21. b4 Qd6 22. Ne4 Bxe4 23. dxe4 Qe6 24. Rd3 Nh5 25. Qd1 Nf4 26. Rd2 Qf6 27. Kh2 Ne6 28. g3 Rd8 29. Rxd8 Ncxd8 30. Kg2 Nc6 31. h4 Nf8 32. Bb3 Rd7 33. Qe2 Qd6 34. Rd1 Qe7 35. Rd5 Rd6 36. Qc4 Nd7 37. Rxd6 cxd6 38. Nd2 Nf6 39. Qd3 Nb8 40. Nc4 Ne8 41. Qd5 Qc7 42. a4 Nc6 43. a5 h5 44. Ba4 Kf8 45. Qd3 Kg7 46. Nb6 Nf6 47. Qc4 Ne8 48. Nd5 Qd7 49. b5 Nxa5 50. bxa6 Qd8 51. Qb5 1-0

[Event "WchT Seniors 50"]
[Site "Acqui Terme"]
[Date "2022.06.26"]
[Round "6.1"]
[White "Bellia, Fabrizio"]
[Black "Emms, John M"]
[Result "1/2-1/2"]
[WhiteElo "2418"]
[BlackElo "2481"]
[PlyCount "76"]
[EventDate "2022.06.20"]
[EventType "team-swiss"]
[EventRounds "9"]
[EventCountry "ITA"]
[SourceTitle "CBM 209 Extra"]
[Source "ChessBase"]
[SourceDate "2022.09.30"]
[SourceVersion "1"]
[SourceVersionDate "2022.09.30"]
[SourceQuality "1"]
[WhiteTeam "Italy 50"]
[BlackTeam "England 50"]
[WhiteTeamCountry "ITA"]
[BlackTeamCountry "ENG"]

1. e4 e5 2. Nf3 Nc6 3. Bc4 Bc5 4. c3 Nf6 5. d3 d6 6. 0-0 a6 7. Bb3 h6 8. Nbd2 0-0 9. h3 Be6 10. Re1 Bxb3 11. Qxb3 Re8 12. Nf1 Qd7 13. Ng3 d5 14. a4 b6 15. Bd2 Rad8 16. Rad1 Qe6 17. Bc1 dxe4 18. Qxe6 Rxe6 19. dxe4 a5 20. Rxd8+ Nxd8 21. Nd2 Nb7 22. Nc4 Nd6 23. Nxd6 Rxd6 24. Kf1 Rd7 25. f3 h5 26. h4 g6 27. Ke2 Ne8 28. Nf1 f6 29. Ne3 Kf7 30. Nc4 Nd6 31. Nxd6+ Rxd6 32. Be3 Bxe3 33. Kxe3 Ke6 34. g4 Rc6 35. Kd3 Rd6+ 36. Ke3 Rc6 37. Kd3 Rd6+ 38. Ke3 Rc6 1/2-1/2

[Event "WchT Seniors 50"]
[Site "Acqui Terme"]
[Date "2022.06.23"]
[Round "4.1"]
[White "Ehlvest, Jaan"]
[Black "Emms, John M"]
[Result "1/2-1/2"]
[WhiteElo "2517"]
[BlackElo "2481"]
[PlyCount "53"]
[EventDate "2022.06.20"]
[EventType "team-swiss"]
[EventRounds "9"]
[EventCountry "ITA"]
[SourceTitle "CBM 209 Extra"]
[Source "ChessBase"]
[SourceDate "2022.09.30"]
[SourceVersion "1"]
[SourceVersionDate "2022.09.30"]
[SourceQuality "1"]
[WhiteTeam "United States 50"]
[BlackTeam "England 50"]
[WhiteTeamCountry "USA"]
[BlackTeamCountry "ENG"]

1. e4 c5 2. Nf3 Nc6 3. d4 cxd4 4. Nxd4 g6 5. c4 Nf6 6. Nc3 d6 7. f3 Bg7 8. Be3 0-0 9. Qd2 Nxd4 10. Bxd4 Qa5 11. Be2 Be6 12. b3 Rfc8 13. Rb1 a6 14. 0-0 Rab8 15. Rfd1 Nd7 16. Bxg7 Kxg7 17. a4 Nf6 18. Kh1 g5 19. Bf1 h6 20. Re1 Qb4 21. Qb2 Rc7 22. Rbd1 Rbc8 23. Rd2 Kg8 24. Na2 Qb6 25. Nc3 Qb4 26. Na2 Qb6 27. Nc3 1/2-1/2

[Event "WchT Seniors 50"]
[Site "Acqui Terme"]
[Date "2022.06.21"]
[Round "2.1"]
[White "Frostick, Clive A"]
[Black "Emms, John M"]
[Result "0-1"]
[WhiteElo "2120"]
[BlackElo "2481"]
[PlyCount "56"]
[EventDate "2022.06.20"]
[EventType "team-swiss"]
[EventRounds "9"]
[EventCountry "ITA"]
[SourceTitle "CBM 209 Extra"]
[Source "ChessBase"]
[SourceDate "2022.09.30"]
[SourceVersion "1"]
[SourceVersionDate "2022.09.30"]
[SourceQuality "1"]
[WhiteTeam "England 50 II"]
[BlackTeam "England 50"]
[WhiteTeamCountry "ENG"]
[BlackTeamCountry "ENG"]

1. e4 c5 2. Nf3 d6 3. Bb5+ Nd7 4. c3 Ngf6 5. Qe2 a6 6. Ba4 e6 7. 0-0 b5 8. Bc2 Bb7 9. d4 Be7 10. Nbd2 Qc7 11. Bd3 0-0 12. Rd1 e5 13. Nf1 d5 14. exd5 exd4 15. cxd4 Rfe8 16. dxc5 Bxc5 17. Be3 Bxd5 18. Rac1 Qb7 19. Bf5 Bxe3 20. Nxe3 Nb6 21. b3 Rad8 22. Qc2 Bxf3 23. Rxd8 Rxd8 24. gxf3 g6 25. Be4 Qe7 26. Qc7 Qd6 27. Qxd6 Rxd6 28. Rc6 Nxe4 0-1

[Event "Hammersmith CC op"]
[Site "London"]
[Date "2022.06.04"]
[Round "1"]
[White "Emms, John M"]
[Black "Pandit, Kabir"]
[Result "1-0"]
[WhiteElo "2508"]
[BlackElo "1976"]
[PlyCount "45"]
[EventDate "2022.06.04"]
[EventType "swiss"]
[EventRounds "6"]
[EventCountry "ENG"]
[SourceTitle "CBM 208 Extra"]
[Source "ChessBase"]
[SourceDate "2022.07.31"]
[SourceVersion "1"]
[SourceVersionDate "2022.07.31"]
[SourceQuality "1"]

1. Nf3 d5 2. e3 Nf6 3. c4 e6 4. b3 c5 5. Bb2 Nc6 6. cxd5 exd5 7. Bb5 Bd6 8. d4 Qa5+ 9. Nc3 Ne4 10. Rc1 0-0 11. dxc5 Bxc5 12. Bxc6 bxc6 13. 0-0 Ba6 14. Re1 Bb4 15. Qc2 f5 16. Nd4 Rac8 17. Red1 c5 18. Ne6 Rf6 19. Nxe4 Rxe6 20. Ng5 Re4 21. a3 Qd8 22. Nxe4 fxe4 23. axb4 1-0